Country by flag's history Quiz Stats

Quiz not verified by Sporcle

Challenge
Share
Tweet
Embed
Score 0/20 Timer 05:00
0 Plays Today
% Correct
United Kingdom
92.9%
Nepal
87.5%
France
86.9%
Rwanda
81.5%
Denmark
80.4%
Austria
79.8%
Greenland
79.8%
Libya
79.2%
Aruba
78.6%
Saudi Arabia
78.6%
% Correct
Ethiopia
76.2%
Canada
76.2%
Monaco
73.2%
Malta
72.6%
Liechtenstein
70.2%
Chad
69%
Somalia
67.3%
Italy
66.7%
Palau
66.1%
Bangladesh
59.5%

You're not logged in!

Compare scores with friends on all Sporcle quizzes.
Join for Free
OR
Log In

You Might Also Like...

Show Comments

Extras

Top Quizzes Today


Score Distribution

Your Account Isn't Verified!

In order to create a playlist on Sporcle, you need to verify the email address you used during registration. Go to your Sporcle Settings to finish the process.

Report this User

Report this user for behavior that violates our Community Guidelines.

Details: